[Event "Mazowiecki Festiwal Szachowy - gr. A"]
[Site "Grodzisk Mazowiecki"]
[Date "2007.07.22"]
[Round "3.33"]
[White "Sobierska, Wioletta"]
[Black "Tokarski, Bartosz"]
[Result "0-1"]
[WhiteElo "2012"]
[BlackElo "2100"]
[PlyCount "48"]
[EventDate "2007.??.??"]

1. d4 Nf6 2. c4 g6 3. Nc3 Bg7 4. e4 d6 5. f3 O-O 6. Be3 b6 7. Qd2 a6 8. O-O-O
c5 9. dxc5 bxc5 10. Bxc5 Nc6 11. Be3 Qa5 12. Bh6 Bxh6 13. Qxh6 Be6 14. h4 Ne5
15. Qg5 Rab8 16. Qd2 Rfc8 17. Kb1 Bxc4 18. Nge2 Nd3 19. g4 Rxb2+ 20. Qxb2 Nxb2
21. Kxb2 Bxe2 22. Nxe2 Qb4+ 23. Ka1 Rc2 24. Rb1 Qa3 0-1

[Event "Mazowiecki Festiwal Szachowy - gr. A"]
[Site "Grodzisk Mazowiecki"]
[Date "2007.07.22"]
[Round "3.34"]
[White "Llanezavega, Juanalberto"]
[Black "Soloviova, Liza"]
[Result "0-1"]
[WhiteElo "2012"]
[BlackElo "2098"]
[PlyCount "60"]
[EventDate "2007.??.??"]

1. e4 e5 2. Nf3 Nf6 3. Nxe5 d6 4. Nf3 Nxe4 5. Nc3 Nf6 6. d4 Bg4 7. h3 Bh5 8. g4
Bg6 9. Bg5 Be7 10. Bd3 Nbd7 11. Qd2 Bxd3 12. Qxd3 h6 13. Bf4 Nb6 14. O-O-O Qd7
15. g5 Nh5 16. Bd2 O-O-O 17. d5 hxg5 18. Nxg5 Bf6 19. Kb1 Rdf8 20. Nge4 Be5 21.
Ne2 Nf6 22. Nxf6 Bxf6 23. Nc3 Rh5 24. Qf3 Rfh8 25. Rhe1 Rxh3 26. Qe4 R3h5 27.
f4 Qf5 28. Qxf5+ Rxf5 29. Be3 Bxc3 30. bxc3 Nxd5 0-1